000
00253 a2200085 4500
100
1
_a
Mazel', K.B..
_e
Autor
245
0
_a
Transformatory elektropitanija /
_c
Mazel' K.B..
710
2
_a
Energoizdat.
_e
Wydawca
_4
pbl
260
_a
Moskva :
_b
Energoizdat,
_c
1982.
300
_a
80 s.;
_c
25 cm.
999
_c
7936
_d
7936